| 000 | 01336cad a22002535a 4500 | ||
|---|---|---|---|
| 001 | E144625 | ||
| 008 | 080731s2008 xxk aof 000 0 eng d | ||
| 020 | _a9781904966906 | ||
| 035 | _a(Sirsi) u144625 | ||
| 041 | 0 | _aeng | |
| 050 | 0 | 4 | _a690.241 $2 18 |
| 110 | 2 |
_aHistoric Scotland _92914 |
|
| 245 | 0 | 0 |
_aScheduled monuments _ba guide for owners, occupiers and managers _h[electronic resource] |
| 260 |
_a[Edinburgh] _bHistoric Scotland _c2008 |
||
| 505 | 2 | _aForeword -- Scheduled monuments -- Scheduling -- Scheduling process -- Finding out what is scheduled -- Your rights and responsibilities -- Applying for scheduled monument consent -- Caring for scheduled monuments -- Visitors --Contacts -- Further information | |
| 520 | _aOffers guidance on the scheduling of sites under the Ancient Monuments and Archaeological Areas Act 1979, and discusses the implications of scheduling for those who own and manage land. | ||
| 521 | _aIntroductory | ||
| 590 | _aKA | ||
| 650 | 2 | 4 | _aANCIENT MONUMENTS AND ARCHAEOLOGICAL AREAS ACT 1979 |
| 651 | 4 |
_aScotland _y1999- |
|
| 690 | _aBUILT ENVIRONMENT-BUILDING TYPES-ANCIENT MONUMENTS AND HISTORIC BUILDINGS | ||
| 856 | 4 | 0 |
_uhttps://www.historic-scotland.gov.uk/publicationsresultsdetail.htm?id=489100ac1e _zView the guide free of charge at www.historic-scotland.gov.uk... |
| 942 | _n0 | ||
| 999 |
_c108563 _d108563 |
||